000 00669nam a22001577a 4500
003 OSt
005 20150918183427.0
008 150918b xxu||||| |||| 00| 0 eng d
040 _cRUA
082 _aAGR LIM 2005 B032 Or.1
100 _9817
_aLIM DARA
245 _aCommunity development of world vision cambodia in banan district, Battambang province,(ការអភិវឌ្ឍន៍សហគមន៍របស់អង្គការទស្សនៈពិភពលោក កម្ពុជា នៅស្រុកបាណន់ ខេត្តបាត់ដំបង)
260 _aphnom penh
_bRUA
_c2005
300 _axii,57p.
_cill.
_g29cm.
942 _2ddc
_cAGR
999 _c789
_d789